Properties of Transition Metals and Their Compounds at Extreme Conditions (Record no. 34981)

MARC details
000 -LEADER
fixed length control field 01401nam a2200133Ia 4500
008 - FIXED-LENGTH DATA ELEMENTS--GENERAL INFORMATION
fixed length control field 220620s9999||||xx |||||||||||||| ||und||
020 ## - INTERNATIONAL STANDARD BOOK NUMBER
International Standard Book Number 9783040000000
245 #0 - TITLE STATEMENT
Title Properties of Transition Metals and Their Compounds at Extreme Conditions
546 ## - LANGUAGE NOTE
Language note English[eng]
650 ## - SUBJECT ADDED ENTRY--TOPICAL TERM
Topical term or geographic name entry element vanadate||kagome compound||high pressure||X-ray diffraction||equation of state||iodate||infrared spectroscopy||phase transitions||grain refinement||mechanical properties||commercial purity aluminum||zirconium||Nb3Sn||local atomic structure||XAFS||melting curves||laser-heated diamond anvil cell||extreme conditions||synchrotron radiation||transition metals||iridium||laser heating||density-functional theory||melting||radial-distribution function||quantum molecular dynamics||melting curve||solid–solid phase transition boundary||multi-phase materials||phase relation||Earth’s core||iron alloys||high-pressure||high-temperature||thermodynamics||eutectic spacing||Al-Si alloy||superheat||electrical resistivity||iron sulfides||high temperature||Ganymede||thermal convection||creep testing||ME21||magnesium alloy||size effects||miniature specimen||PbTe||substitutional disorder||thermal expansion||bulk modulus||atomic displacement||low temperature||compression||Debye temperature||n/a
700 ## - ADDED ENTRY--PERSONAL NAME
Personal name Anzellini, Simone||Errandonea, Daniel
856 ## - ELECTRONIC LOCATION AND ACCESS
Uniform Resource Identifier <a href="https://mdpi.com/books/pdfview/book/4772">https://mdpi.com/books/pdfview/book/4772</a>
942 ## - ADDED ENTRY ELEMENTS (KOHA)
Koha item type E-Books
Holdings
Withdrawn status Lost status Damaged status Not for loan Home library Current library Date acquired Total Checkouts Date last seen Price effective from Koha item type
        Kerala University of Digital Sciences, Innovation and Technology Knowledge Centre Kerala University of Digital Sciences, Innovation and Technology Knowledge Centre 20/06/2022   20/06/2022 20/06/2022 E-Books